Statistics for Japanese football players playing in UEFA countries

Click here to take the quiz!

General Stats

  • This quiz has been taken 32 times
    (31 since last reset)
  • The average score is 29 of 72

Answer Stats

ClubCountryAnswer% Correct
Eintracht BraunschweigGermanyKeita Endo
96%
Liverpool FCEnglandWataru Endo
96%
Brighton & Hove AlbionEnglandKaoru Mitoma
89%
Real SociedadSpainTakefusa Kubo
85%
VfB StuttgartGermanyHiroki Ito
81%
AS MonacoFranceTakumi Minamino
81%
SS LazioItalyDaichi Kamada
78%
Stade de ReimsFranceJunya Ito
78%
Borussia MönchengladbachGermanyKo Itakura
78%
Sint-Truidense VVBelgiumRyotaro Ito
78%
Arsenal FCEnglandTakehiro Tomiyasu
78%
1.FC MagdeburgGermanyTatsuya Ito
78%
Eintracht FrankfurtGermanyMakoto Hasebe
70%
SC FreiburgGermanyRitsu Doan
70%
Celtic FCScotlandDaizen Maeda
67%
VfL BochumGermanyTakuma Asano
67%
Fortuna DüsseldorfGermanyAo Tanaka
63%
HJK HelsinkiFinlandAtomu Tanaka
63%
Celtic FCScotlandKyogo Furuhashi
63%
Sporting CPPortugalHidemasa Morita
59%
Stade de ReimsFranceKeito Nakamura
59%
Portimonense SCPortugalKosuke Nakamura
59%
VfB StuttgartGermanyGenki Haraguchi
56%
Celtic FCScotlandReo Hatate
52%
AZ AlkmaarNetherlandsYukinari Sugawara
52%
Huddersfield Town FCEnglandYuta Nakayama
52%
Feyenoord RotterdamNetherlandsAyase Ueda
48%
FC Lausanne-SportSwitzerlandToichi Suzuki
48%
Brøndby IFDenmarkYuito Suzuki
48%
Sint-Truidense VVBelgiumZion Suzuki
48%
Sint-Truidense VVBelgiumDaniel Schmidt
41%
Birmingham City FCEnglandKoji Miyoshi
41%
1.FC NürnbergGermanyDaichi Hayashi
37%
Royal Union Saint-GilloiseBelgiumKoki Machida
37%
Celtic FCScotlandYuki Kobayashi
37%
Casa Pia ACPortugalYuki Soma
37%
1.FC NürnbergGermanyKanji Okunuki
33%
Sint-Truidense VVBelgiumShinji Okazaki
33%
FC Schalke 04GermanySoichiro Kozuki
33%
Holstein KielGermanyShuto Machino
30%
Coventry City FCEnglandTatsuhiro Sakamoto
30%
KAA GentBelgiumTsuyoshi Watanabe
30%
NEC NijmegenNetherlandsKoki Ogawa
26%
Sint-Truidense VVBelgiumRyoya Ogawa
26%
Hannover 96GermanySei Muroya
26%
Celtic FCScotlandTomoki Iwata
26%
Sint-Truidense VVBelgiumDaiki Hashioka
22%
SD HuescaSpainKento Hashimoto
22%
NEC NijmegenNetherlandsKodai Sano
22%
Sparta RotterdamNetherlandsKoki Saito
22%
FCV Dender EHBelgiumKosei Tani
22%
FC AugsburgGermanyMasaya Okugawa
22%
Sint-Truidense VVBelgiumRihito Yamamoto
22%
GNK Dinamo ZagrebCroatiaTakuro Kaneko
22%
Standard LiegeBelgiumHayao Kawabe
19%
Sint-Truidense VVBelgiumJoel Chima Fujita
19%
RWD MolenbeekBelgiumShuto Abe
19%
Fortuna DüsseldorfGermanyTakashi Uchino
19%
AJ AuxerreFranceAdo Onaiwu
15%
Grasshopper Club ZürichSwitzerlandAyumu Seko
15%
Servette FCSwitzerlandKeigo Tsunemoto
15%
Heart of Midlothian FCScotlandYutaro Oda
15%
Gil Visente FCPortugalKanya Fujimoto
11%
Heart of Midlothian FCScotlandKyosuke Tagawa
11%
Boavista FCPortugalMasaki Watai
11%
Charleroi SCBelgiumRyota Morioka
11%
OH LeuvenBelgiumKento Misao
7%
FC VolendamNetherlandsMio Backhaus
7%
KVC WesterloBelgiumYusuke Matsuo
7%
NK MariborSloveniaItsuki Urata
4%
NEC NijmegenNetherlandsSai van Wermeskerken
4%
FC FamalicãoPortugalShoya Yukitomo
0%

Score Distribution

Percentile by Number Answered

Percent of People with Each Score

Your Score History

You have not taken this quiz since the last reset